[Event "DEM U12/U12w 2015"]
[Site "Willingen GER"]
[Date "2015.05.24"]
[Round "2"]
[White "Goltser, Ilja"]
[Black "Popist, Florian"]
[Result "1-0"]
[Termination "normal"]
[Board "41"]
[WhiteElo "1164"]
[BlackElo "1422"]
[PlyCount "81"]
[WhiteFideId "14174782"]
[BlackFideId "16203518"]
[EventCountry "GER"]
[EventRounds "11"]
[EventType "swiss"]
[EventDate "2015.05.23"]

1. e4 c5 2. Nc3 e6 3. f4 d5 4. e5 Nc6 5. Nf3 Nge7 6. Bb5 a6 7. Be2 Ng6 8. d3 b5
9. a3 Bb7 10. O-O Qb6 11. Kh1 b4 12. axb4 cxb4 13. Nb1 Bc5 14. c3 Nge7 15. d4
bxc3 16. bxc3 Bxd4 17. cxd4 Nf5 18. Na3 O-O 19. Rb1 Qc7 20. Nc2 a5 21. Ne3 Nxe3
22. Bxe3 a4 23. Ra1 Ba6 24. Bxa6 Rxa6 25. Rxa4 Rfa8 26. Rxa6 Rxa6 27. Qb3 Qa7
28. Rb1 h6 29. Bg1 Ra3 30. Qb7 Qa4 31. Qb5 Qc2 32. Qb2 Qa4 33. Rc1 Ra2 34. Qc3
Nb4 35. f5 Ra3 36. Qc8+ Kh7 37. fxe6 fxe6 38. Qxe6 Qa8 39. Qf5+ g6 40. Qd7+ Kg8
41. Rc8+ 1-0

[Event "DEM U12/U12w 2015"]
[Site "Willingen GER"]
[Date "2015.05.24"]
[Round "2"]
[White "Kühne, Maria"]
[Black "Biermann, Sophie"]
[Result "1-0"]
[Termination "normal"]
[Board "42"]
[WhiteElo "1401"]
[BlackElo "1136"]
[PlyCount "73"]
[WhiteFideId "12997412"]
[BlackFideId "16208960"]
[EventCountry "GER"]
[EventRounds "11"]
[EventType "swiss"]
[EventDate "2015.05.23"]

1. e4 d5 2. exd5 Qxd5 3. Nc3 Qa5 4. d4 Nf6 5. Bc4 Bf5 6. Bd2 c6 7. d5 Qc7 8.
Qf3 Bxc2 9. Rc1 Bg6 10. Nge2 Bh5 11. Qd3 b5 12. Nxb5 cxb5 13. Bxb5+ Qd7 14.
Bxd7+ Nbxd7 15. Qa6 Nb6 16. Nf4 g5 17. Nxh5 Nxh5 18. Qb5+ Nd7 19. Rc7 Rd8 20.
Rxa7 Bg7 21. Ba5 Bd4 22. Rb7 O-O 23. Bxd8 Nhf6 24. Rxd7 Nxd7 25. Qxd7 Bxb2 26.
Qxe7 Bc3+ 27. Ke2 h6 28. h4 g4 29. f3 Kg7 30. fxg4 Bf6 31. Qxf6+ Kg8 32. g5
Re8+ 33. Kd3 h5 34. g6 Rf8 35. Rf1 fxg6 36. Qxg6+ Kh8 37. Rxf8# 1-0

[Event "DEM U12/U12w 2015"]
[Site "Willingen GER"]
[Date "2015.05.24"]
[Round "2"]
[White "Delgado, Celina"]
[Black "Schneider, Edward"]
[Result "0-1"]
[Termination "normal"]
[Board "43"]
[WhiteElo "1153"]
[BlackElo "1395"]
[PlyCount "128"]
[WhiteFideId "12993735"]
[BlackFideId "16200870"]
[EventCountry "GER"]
[EventRounds "11"]
[EventType "swiss"]
[EventDate "2015.05.23"]

1. d4 d5 2. c4 e6 3. Nf3 c5 4. dxc5 Bxc5 5. Nc3 Nf6 6. cxd5 exd5 7. Bg5 Bb4 8.
Qb3 Nc6 9. e3 Be6 10. Bb5 a5 11. Nd4 Qb6 12. Bxf6 gxf6 13. a3 O-O 14. Bxc6
Bxc3+ 15. Qxc3 Rac8 16. Qb3 Qxb3 17. Nxb3 Rxc6 18. Nd4 Rb6 19. Rb1 Rc8 20. Kd2
f5 21. Rhc1 Rxc1 22. Kxc1 Bd7 23. Kc2 Rf6 24. Rc1 f4 25. Kd3 fxe3 26. Kxe3 Rb6
27. Rc2 Ba4 28. Rc5 Rxb2 29. Rxd5 b5 30. Rf5 Ra2 31. Nxb5 Bxb5 32. Rxb5 Rxa3+
33. Kf4 Ra2 34. Ke3 a4 35. Ra5 a3 36. f4 Rxg2 37. Rxa3 Rxh2 38. Ra5 Kg7 39.
Rg5+ Kf6 40. Ke4 Re2+ 41. Kf3 Rh2 42. Ke4 Re2+ 43. Kf3 Rh2 44. Ke4 h6 45. Rf5+
Kg6 46. Ra5 f6 47. Kf3 h5 48. Kg3 Rh1 49. Kg2 Rh4 50. Kg3 Rg4+ 51. Kf3 Kh6 52.
Rf5 Rg6 53. Ra5 h4 54. Rb5 h3 55. Rb2 Kh5 56. Rh2 Kh4 57. f5 Rg3+ 58. Ke2 Kg4
59. Kf2 Kf4 60. Ke2 Rg2+ 61. Rxg2 hxg2 62. Kf2 Kxf5 63. Kxg2 Ke4 64. Kf2 Kf4
0-1

[Event "DEM U12/U12w 2015"]
[Site "Willingen GER"]
[Date "2015.05.24"]
[Round "2"]
[White "Höfs, Cederik"]
[Black "Peters, Malte"]
[Result "0-1"]
[Termination "normal"]
[Board "44"]
[WhiteElo "1377"]
[BlackElo "1007"]
[PlyCount "76"]
[WhiteFideId "16207653"]
[BlackFideId "16208978"]
[EventCountry "GER"]
[EventRounds "11"]
[EventType "swiss"]
[EventDate "2015.05.23"]

1. e4 c5 2. Nc3 Nc6 3. f4 g6 4. Nf3 Bg7 5. Bc4 Nf6 6. d3 O-O 7. e5 Ng4 8. h3
Nh6 9. Be3 d6 10. Qd2 e6 11. exd6 Qxd6 12. Ne4 Qc7 13. Bxc5 Rd8 14. Rb1 b6 15.
Be3 Bb7 16. Qf2 Nf5 17. c3 Na5 18. Bb5 a6 19. Bxb6 Qxf4 20. Bxa5 Rd5 21. Nc5
axb5 22. Nxb7 Rd7 23. Nc5 Rda7 24. Bb4 Rxa2 25. Ba3 R8xa3 26. O-O Rxc3 27. bxc3
Rxf2 28. Rxf2 Bxc3 29. Rxb5 Qc1+ 30. Kh2 Ne3 31. Rb3 Be1 32. Nxe1 Qxe1 33. Ne4
Nf1+ 34. Kg1 Nd2+ 35. Kh2 Nxb3 36. Nf6+ Kg7 37. Ne8+ Kf8 38. Rb2 Qe5+ 0-1

[Event "DEM U12/U12w 2015"]
[Site "Willingen GER"]
[Date "2015.05.24"]
[Round "2"]
[White "Sinnhöfer, Lilian"]
[Black "Ewerhardy, Moritz"]
[Result "1/2-1/2"]
[Termination "normal"]
[Board "45"]
[WhiteElo "1106"]
[BlackElo "1337"]
[PlyCount "73"]
[WhiteFideId "12977586"]
[BlackFideId "36052086"]
[EventCountry "GER"]
[EventRounds "11"]
[EventType "swiss"]
[EventDate "2015.05.23"]

1. e4 e5 2. Nf3 Nf6 3. Nc3 Nc6 4. d4 exd4 5. Nxd4 Bb4 6. Nxc6 bxc6 7. Qd4 Qe7
8. Bg5 Qxe4+ 9. Qxe4+ Nxe4 10. Bd2 Nxc3 11. bxc3 Ba3 12. Bd3 O-O 13. O-O d5 14.
Rfe1 Bd7 15. Re3 Rfe8 16. Rg3 Bd6 17. Rf3 Bg4 18. Re3 Rf8 19. Ree1 Rfe8 20.
Rxe8+ Rxe8 21. h3 Bh5 22. Rb1 Bc5 23. Re1 f6 24. Bf5 Rxe1+ 25. Bxe1 Be8 26.
Be6+ Kf8 27. Bf5 g6 28. Bc8 f5 29. Bd2 Ke7 30. Bg5+ Kd6 31. Bf4+ Ke7 32. Bxc7
Bd6 33. Ba5 Bd7 34. Ba6 c5 35. Be2 Ba4 36. Bd1 Bb5 37. g3 1/2-1/2

[Event "DEM U12/U12w 2015"]
[Site "Willingen GER"]
[Date "2015.05.24"]
[Round "2"]
[White "Fuchs, Emily"]
[Black "Böttner, Oliver"]
[Result "0-1"]
[Termination "normal"]
[Board "46"]
[WhiteElo "946"]
[BlackElo "1363"]
[PlyCount "62"]
[WhiteFideId "16208986"]
[BlackFideId "16208870"]
[EventCountry "GER"]
[EventRounds "11"]
[EventType "swiss"]
[EventDate "2015.05.23"]

1. e4 e5 2. Nf3 Nc6 3. Bc4 Be7 4. O-O Nf6 5. Nc3 O-O 6. d3 d6 7. h3 Na5 8. b3
c6 9. b4 Nxc4 10. dxc4 Be6 11. Qd3 a6 12. Be3 b5 13. c5 dxc5 14. bxc5 Qc7 15.
a4 Bc4 16. Qd1 Bxf1 17. Qxf1 Qa5 18. Bd2 bxa4 19. Rxa4 Qxc5 20. Rxa6 Nd7 21.
Be3 Qxc3 22. Ne1 Rxa6 23. Qxa6 Qxe1+ 24. Kh2 Bc5 25. Qxc6 Bxe3 26. fxe3 Nf6 27.
Qc4 Qxe3 28. Qc6 Rb8 29. c4 Qf4+ 30. g3 Qf2+ 31. Kh1 Rb1# 0-1

[Event "DEM U12/U12w 2015"]
[Site "Willingen GER"]
[Date "2015.05.25"]
[Round "3"]
[White "Weishäutel, Moritz"]
[Black "Englert, Jon"]
[Result "1-0"]
[Termination "normal"]
[Board "1"]
[WhiteElo "1963"]
[BlackElo "1682"]
[WhiteClock "00:10:40"]
[BlackClock "00:06:06"]
[PlyCount "69"]
[WhiteFideId "12967300"]
[BlackFideId "12992275"]
[EventCountry "GER"]
[EventRounds "11"]
[EventType "swiss"]
[EventDate "2015.05.23"]

1. e4 d6 2. d4 Nf6 3. Nc3 g6 4. Be3 Bg7 5. Qd2 c6 6. f3 b5 7. Bh6 Bxh6 8. Qxh6
Qa5 9. Bd3 Nbd7 10. Nge2 Rb8 11. O-O b4 12. Nd1 b3 13. cxb3 c5 14. Nf2 Rb4 15.
dxc5 Nxc5 16. Bc4 Rb8 17. Nd4 Bd7 18. Rfe1 Qb6 19. e5 dxe5 20. Rxe5 Qd6 21.
Rae1 e6 22. Qg5 Qxd4 23. Qxf6 O-O 24. Rd1 Qxb2 25. Ng4 h5 26. Rxc5 Qc2 27. Nh6+
Kh7 28. Rxd7 Qc1+ 29. Kf2 Kxh6 30. Qd4 Kh7 31. Bxe6 Qb1 32. Bxf7 Qxa2+ 33. Kg3
Rb6 34. Bxg6+ Kh6 35. Qg7# 1-0

[Event "DEM U12/U12w 2015"]
[Site "Willingen GER"]
[Date "2015.05.25"]
[Round "3"]
[White "Helmer, Jan"]
[Black "Tong, Kevin"]
[Result "0-1"]
[Termination "normal"]
[Board "2"]
[WhiteElo "1691"]
[BlackElo "2017"]
[WhiteClock "00:10:43"]
[BlackClock "00:02:11"]
[PlyCount "98"]
[WhiteFideId "12956686"]
[BlackFideId "12913944"]
[EventCountry "GER"]
[EventRounds "11"]
[EventType "swiss"]
[EventDate "2015.05.23"]

1. d4 d5 2. Nf3 c6 3. c4 Nf6 4. e3 Bg4 5. cxd5 cxd5 6. Be2 e6 7. O-O Bd6 8. Nc3
O-O 9. Bd2 a6 10. Ne5 Bxe2 11. Nxe2 Nbd7 12. Nf3 Qb6 13. Nc3 Rac8 14. Qb3 Rc7
15. Rac1 Rfc8 16. Na4 Qxb3 17. axb3 Ne4 18. Nc3 Ndf6 19. Rfd1 Nxd2 20. Nxd2 Bb4
21. Ndb1 Ne4 22. Rd3 b5 23. f3 Nxc3 24. Nxc3 a5 25. Ra1 Rb7 26. Kf2 g6 27. Ke2
Rbc7 28. e4 Bxc3 29. bxc3 dxe4 30. fxe4 Rxc3 31. Rxa5 b4 32. Rxc3 Rxc3 33. Kd2
Rxb3 34. d5 exd5 35. exd5 Kf8 36. d6 Ke8 37. Ra7 Rb2+ 38. Kd3 Rxg2 39. Re7+ Kd8
40. Kd4 b3 41. Rxf7 b2 42. Rb7 Rxh2 43. Kd5 g5 44. d7 Ke7 45. Kc6 Rc2+ 46. Kd5
g4 47. Ke4 g3 48. Kd3 Rf2 49. Ke3 h5 0-1

[Event "DEM U12/U12w 2015"]
[Site "Willingen GER"]
[Date "2015.05.25"]
[Round "3"]
[White "Zimmer, Raphael"]
[Black "Hinrichs, Paul"]
[Result "1-0"]
[Termination "normal"]
[Board "3"]
[WhiteElo "1977"]
[BlackElo "1641"]
[WhiteClock "00:16:32"]
[BlackClock "00:31:53"]
[PlyCount "75"]
[WhiteFideId "12978841"]
[BlackFideId "12942545"]
[EventCountry "GER"]
[EventRounds "11"]
[EventType "swiss"]
[EventDate "2015.05.23"]

1. e4 e5 2. Nf3 Nc6 3. d4 exd4 4. Bc4 Bc5 5. c3 Nf6 6. cxd4 Bb4+ 7. Bd2 Bxd2+
8. Nbxd2 d5 9. exd5 Nxd5 10. Qb3 Nce7 11. O-O O-O 12. Rfe1 c6 13. a4 Nb6 14.
Bd3 Be6 15. Qc2 Ng6 16. Ne4 Bg4 17. Ne5 Nxe5 18. dxe5 Nd5 19. Ng3 h6 20. Bc4
Qe7 21. Qe4 Be6 22. Bd3 g6 23. h4 Qb4 24. h5 Qxe4 25. Bxe4 g5 26. Nf5 Bxf5 27.
Bxf5 Rfe8 28. Rad1 Rad8 29. g3 Nb6 30. Rxd8 Rxd8 31. b3 c5 32. e6 Nd5 33. Rd1
Kf8 34. exf7 Kxf7 35. Be4 Ke6 36. f4 gxf4 37. g4 Rd7 38. Bf5+ 1-0

[Event "DEM U12/U12w 2015"]
[Site "Willingen GER"]
[Date "2015.05.25"]
[Round "3"]
[White "Yankelevich, Michael"]
[Black "Wu, Leon"]
[Result "1-0"]
[Termination "normal"]
[Board "4"]
[WhiteElo "1810"]
[BlackElo "1574"]
[WhiteClock "00:36:27"]
[BlackClock "00:20:27"]
[PlyCount "137"]
[WhiteFideId "12921440"]
[BlackFideId "12977438"]
[EventCountry "GER"]
[EventRounds "11"]
[EventType "swiss"]
[EventDate "2015.05.23"]

1. e4 e5 2. Nf3 Nc6 3. Bc4 Bc5 4. c3 Nf6 5. d3 d6 6. b4 Bb6 7. a4 a6 8. a5 Ba7
9. Qb3 Qe7 10. h3 h6 11. O-O O-O 12. Re1 Be6 13. Be3 Bxc4 14. Qxc4 Rad8 15. b5
axb5 16. Qxb5 Bxe3 17. Rxe3 Rb8 18. Nh4 g6 19. Qc4 Kh7 20. Nd2 Nh5 21. g3 Na7
22. Rb1 c6 23. d4 exd4 24. cxd4 Nf6 25. Nhf3 Qd7 26. Kh2 Rfe8 27. Rbb3 Kg7 28.
Ne1 d5 29. Qc5 Nb5 30. e5 Ng8 31. f4 Ra8 32. Qb4 Qc7 33. Nd3 Qxa5 34. Qxa5 Rxa5
35. Rb4 Ra2 36. Re2 Ne7 37. g4 Na3 38. Rg2 b5 39. f5 Nc8 40. Nf3 Rxg2+ 41. Kxg2
gxf5 42. gxf5 Nb6 43. Rb3 Nac4 44. f6+ Kh7 45. Nb4 Rc8 46. Na6 Kg6 47. Nh4+ Kg5
48. Kg3 Rg8 49. Nf3+ Kf5+ 50. Kf2 Ra8 51. Nb4 Rc8 52. Nd3 Na5 53. Rc3 Na4 54.
Rc2 Nc4 55. Nb4 Ke6 56. Nd3 Rb8 57. Rc1 b4 58. Nf4+ Kf5 59. Nh5 Ke6 60. Nf4+
Kd7 61. Re1 Nab2 62. Kg3 Re8 63. Kg4 b3 64. Ra1 Ne3+ 65. Kh5 Rb8 66. Ra7+ Ke8
67. e6 fxe6 68. Nxe6 Nf5 69. f7# 1-0

[Event "DEM U12/U12w 2015"]
[Site "Willingen GER"]
[Date "2015.05.25"]
[Round "3"]
[White "Bui, Ngoc Han Julia"]
[Black "Dietz, Florian"]
[Result "1-0"]
[Termination "normal"]
[Board "5"]
[WhiteElo "1596"]
[BlackElo "1844"]
[WhiteClock "00:11:38"]
[BlackClock "00:41:33"]
[PlyCount "65"]
[WhiteFideId "12977055"]
[BlackFideId "12939897"]
[EventCountry "GER"]
[EventRounds "11"]
[EventType "swiss"]
[EventDate "2015.05.23"]

1. e4 c5 2. Nf3 d6 3. d4 cxd4 4. Nxd4 Nf6 5. Nc3 g6 6. Be3 Bg7 7. f3 O-O 8. Qd2
Nc6 9. Bc4 Bd7 10. h4 Qa5 11. g4 Rfc8 12. Bb3 Ne5 13. h5 Rc4 14. Bxc4 Nxc4 15.
Qc1 Rc8 16. Nb3 Qc7 17. hxg6 fxg6 18. g5 Nh5 19. Nd5 Qd8 20. Bd4 Bxd4 21. Nxd4
e6 22. Rxh5 exd5 23. Rh2 Qb6 24. c3 Ne5 25. Qe3 dxe4 26. Qxe4 Bc6 27. Qh4 Rc7
28. O-O-O Bxf3 29. Rf1 Nd3+ 30. Kb1 Bd5 31. Qh6 Rg7 32. Qh3 Re7 33. Qc8+ 1-0

[Event "DEM U12/U12w 2015"]
[Site "Willingen GER"]
[Date "2015.05.25"]
[Round "3"]
[White "Li, Simon"]
[Black "Grund, Sebastian"]
[Result "1-0"]
[Termination "normal"]
[Board "6"]
[WhiteElo "1907"]
[BlackElo "1810"]
[WhiteClock "00:29:45"]
[BlackClock "00:00:42"]
[PlyCount "59"]
[WhiteFideId "12972134"]
[BlackFideId "12988626"]
[EventCountry "GER"]
[EventRounds "11"]
[EventType "swiss"]
[EventDate "2015.05.23"]

1. e4 c5 2. Nf3 Nc6 3. d4 cxd4 4. Nxd4 g6 5. Nc3 Bg7 6. Be3 Nf6 7. f3 O-O 8. g4
Qb6 9. Qd2 Nxe4 10. Nxc6 Qxb2 11. Nxe7+ Kh8 12. Nxe4 Qxa1+ 13. Qc1 Qxc1+ 14.
Bxc1 Re8 15. Nd5 Be5 16. Kf2 b6 17. Bb5 Bb7 18. Ndf6 Bxf6 19. Nxf6 Re5 20. Bd3
Kg7 21. Nxd7 Re6 22. Bb2+ f6 23. Nxf6 Kh6 24. Rg1 g5 25. Nd7 Rd8 26. Rg3 Be4
27. Bxe4 Rxe4 28. fxe4 Rxd7 29. Rd3 Rc7 30. Rd6# 1-0

[Event "DEM U12/U12w 2015"]
[Site "Willingen GER"]
[Date "2015.05.25"]
[Round "3"]
[White "Breitzmann, Sander"]
[Black "Stork, Oliver"]
[Result "0-1"]
[Termination "normal"]
[Board "7"]
[WhiteElo "1415"]
[BlackElo "1844"]
[WhiteClock "00:21:29"]
[BlackClock "00:07:59"]
[PlyCount "168"]
[WhiteFideId "12987085"]
[BlackFideId "12955728"]
[EventCountry "GER"]
[EventRounds "11"]
[EventType "swiss"]
[EventDate "2015.05.23"]

1. e4 c6 2. d4 d5 3. Nc3 dxe4 4. Nxe4 Bf5 5. Ng3 Bg6 6. Nf3 Nd7 7. Bc4 e6 8.
O-O Bd6 9. Re1 Ngf6 10. Ng5 Bxg3 11. hxg3 O-O 12. Bd3 Bxd3 13. Qxd3 h6 14. Ne4
Nxe4 15. Qxe4 Nf6 16. Qh4 Nd5 17. Qxd8 Rfxd8 18. c3 Rac8 19. Be3 c5 20. Re2
Nxe3 21. fxe3 Kf8 22. Rf1 cxd4 23. exd4 Ke7 24. g4 g6 25. Re5 Rd5 26. Rfe1 Rcd8
27. Kf2 R8d6 28. R1e4 Rxe5 29. Rxe5 Rb6 30. Re2 Rb5 31. Ke3 Ra5 32. a3 Rb5 33.
a4 Rg5 34. Kf4 Kd6 35. c4 a5 36. Re3 b6 37. Rb3 Kc6 38. Rh3 f5 39. Rh4 Kd6 40.
g3 e5+ 41. dxe5+ Ke6 42. gxf5+ Rxf5+ 43. Ke4 Rxe5+ 44. Kd4 h5 45. Rf4 Rf5 46.
Re4+ Kd6 47. g4 Rg5 48. gxh5 gxh5 49. Re8 h4 50. Rh8 Rg4+ 51. Kc3 Ke5 52. Rh6
Rg3+ 53. Kc2 Rg4 54. Kc3 Kf4 55. Rxb6 h3 56. Rh6 Kg3 57. c5 h2 58. c6 Rh4 59.
Rg6+ Kf3 60. Rf6+ Ke4 61. Rf1 h1=Q 62. Rxh1 Rxh1 63. Kc4 Rc1+ 64. Kb5 Kd5 65.
Kxa5 Kxc6 66. b4 Rc4 67. b5+ Kc5 68. b6 Rb4 69. Ka6 Rxa4+ 70. Kb7 Rb4 71. Kc7
Rxb6 72. Kd7 Ra6 73. Ke7 Kd5 74. Kf7 Ke5 75. Kg7 Kf5 76. Kh7 Kg5 77. Kg7 Ra7+
78. Kf8 Kf6 79. Ke8 Rh7 80. Kd8 Ke6 81. Kc8 Kd6 82. Kb8 Kc6 83. Ka8 Kb6 84. Kb8
Rh8# 0-1

[Event "DEM U12/U12w 2015"]
[Site "Willingen GER"]
[Date "2015.05.25"]
[Round "3"]
[White "Yi, Danny"]
[Black "Meric, Geoffrey"]
[Result "0-1"]
[Termination "normal"]
[Board "8"]
[WhiteElo "1778"]
[BlackElo "1476"]
[WhiteClock "00:49:13"]
[BlackClock "00:33:53"]
[PlyCount "74"]
[WhiteFideId "12988588"]
[BlackFideId "26092891"]
[EventCountry "GER"]
[EventRounds "11"]
[EventType "swiss"]
[EventDate "2015.05.23"]

1. e4 c5 2. Nf3 Nc6 3. d4 cxd4 4. Nxd4 e5 5. Nb5 d6 6. N1c3 a6 7. Na3 Be7 8.
Be3 b5 9. Nd5 Rb8 10. Be2 Nf6 11. Nxf6+ Bxf6 12. O-O O-O 13. c3 Be6 14. Bg4 Qd7
15. f4 Bxg4 16. Qd2 exf4 17. Bxf4 Be5 18. h3 Be6 19. Rf3 Bxf4 20. Qxf4 Ne5 21.
Rg3 Ng6 22. Qe3 f5 23. exf5 Bxf5 24. Rd1 Qc7 25. Kh1 Qc5 26. Qg5 Be4 27. Qd2
Rbd8 28. Nc2 Rf2 29. Qd4 Qxd4 30. Nxd4 Nf4 31. Rg4 Bxg2+ 32. Kh2 Bf3+ 33. Kg3
Bxd1 34. Kxf2 Bxg4 35. hxg4 Nd3+ 36. Ke3 Nxb2 37. Ke4 d5+ 0-1

[Event "DEM U12/U12w 2015"]
[Site "Willingen GER"]
[Date "2015.05.25"]
[Round "3"]
[White "Trifan, Andrei Ioan"]
[Black "Merk, Daniel"]
[Result "1-0"]
[Termination "normal"]
[Board "9"]
[WhiteElo "1864"]
[BlackElo "1799"]
[PlyCount "73"]
[WhiteFideId "12967068"]
[BlackFideId "12938386"]
[EventCountry "GER"]
[EventRounds "11"]
[EventType "swiss"]
[EventDate "2015.05.23"]

1. e4 e5 2. Nf3 Nc6 3. d4 exd4 4. Bc4 Bc5 5. O-O Nf6 6. e5 d5 7. exf6 dxc4 8.
fxg7 Rg8 9. Bg5 Be7 10. Bxe7 Kxe7 11. Re1+ Be6 12. Na3 Qd5 13. b3 cxb3 14. c4
Qd7 15. axb3 Rxg7 16. Nb5 a6 17. Nbxd4 Nxd4 18. Nxd4 Rd8 19. Nf5+ Kf6 20. Nxg7
Kxg7 21. Qf3 c6 22. h3 Qd6 23. Re3 Qd4 24. Rae1 Qd6 25. Re5 h6 26. Qg3+ Kh7 27.
f4 Rg8 28. Qe3 c5 29. f5 Qc6 30. Re2 Bd7 31. Re7 Bxf5 32. Rxf7+ Kg6 33. Rxf5
Kxf5 34. Rf2+ Kg6 35. Qg3+ Kh7 36. Rf7+ Kh8 37. Qe5+ 1-0

[Event "DEM U12/U12w 2015"]
[Site "Willingen GER"]
[Date "2015.05.25"]
[Round "3"]
[White "Huber, Benedikt"]
[Black "Kopylov, Daniel"]
[Result "0-1"]
[Termination "normal"]
[Board "10"]
[WhiteElo "1729"]
[BlackElo "1812"]
[PlyCount "90"]
[WhiteFideId "12923583"]
[BlackFideId "12921971"]
[EventCountry "GER"]
[EventRounds "11"]
[EventType "swiss"]
[EventDate "2015.05.23"]

1. d4 c5 2. d5 d6 3. e4 Nf6 4. Nc3 g6 5. f4 Bg7 6. Bb5+ Nfd7 7. a4 b6 8. Nf3 a6
9. Bc4 O-O 10. O-O Nf6 11. Re1 Bg4 12. h3 Bxf3 13. Qxf3 Ne8 14. Be3 Nd7 15. h4
Nc7 16. h5 Rb8 17. hxg6 fxg6 18. Rab1 b5 19. axb5 axb5 20. Be2 b4 21. Nd1 Nb5
22. Bxb5 Rxb5 23. Qh3 Nf6 24. Qe6+ Kh8 25. Nf2 Qd7 26. Qxd7 Nxd7 27. Bd2 Ra8
28. c3 Ra2 29. Nd1 Nb6 30. Ne3 Kg8 31. Red1 Na4 32. c4 Ra5 33. b3 Nc3 34. Bxc3
bxc3 35. Rbc1 Bd4 36. Re1 Ra1 37. Kf2 R5a2+ 38. Kf3 Rxc1 39. Rxc1 Rb2 40. g3
Rxb3 41. Rc2 Rb2 42. Rc1 Rd2 43. Nf1 Rf2+ 44. Kg4 h5+ 45. Kh3 c2 0-1

[Event "DEM U12/U12w 2015"]
[Site "Willingen GER"]
[Date "2015.05.25"]
[Round "3"]
[White "Longo, Massimo"]
[Black "Suvorov, Alexander"]
[Result "0-1"]
[Termination "normal"]
[Board "11"]
[WhiteElo "1628"]
[BlackElo "1938"]
[PlyCount "102"]
[WhiteFideId "16205227"]
[BlackFideId "12977063"]
[EventCountry "GER"]
[EventRounds "11"]
[EventType "swiss"]
[EventDate "2015.05.23"]

1. d4 g6 2. Nf3 Bg7 3. e3 d6 4. Be2 Nd7 5. Nc3 e5 6. O-O Ne7 7. b3 O-O 8. Bb2
h6 9. dxe5 Nxe5 10. Nxe5 Bxe5 11. Qd2 Be6 12. Bd3 f5 13. f4 Bg7 14. Na4 Bxb2
15. Nxb2 Qd7 16. c4 Rad8 17. Qc2 b6 18. Rad1 Nc6 19. Kh1 Qg7 20. a3 a5 21. Be2
Rfe8 22. Bf3 Nb8 23. e4 Nd7 24. b4 axb4 25. axb4 Nf6 26. exf5 Bxf5 27. Qd2 Re7
28. Rfe1 Rde8 29. Bc6 Rxe1+ 30. Rxe1 Rxe1+ 31. Qxe1 Nh5 32. Qe8+ Kh7 33. Qe2
Nxf4 34. Qd2 Nd3 35. Nxd3 Bxd3 36. h3 Qa1+ 37. Kh2 Qe5+ 38. Kh1 Bxc4 39. Bf3 c5
40. bxc5 bxc5 41. h4 h5 42. Qa5 Bf7 43. Qc7 Qe1+ 44. Kh2 Qxh4+ 45. Kg1 Qe1+ 46.
Kh2 Qe5+ 47. Kg1 Kg7 48. Qc6 c4 49. Qe4 Qxe4 50. Bxe4 d5 51. Bf3 c3 0-1

[Event "DEM U12/U12w 2015"]
[Site "Willingen GER"]
[Date "2015.05.25"]
[Round "3"]
[White "Pajeken, Jakob Leon"]
[Black "Heckmann, Till"]
[Result "1/2-1/2"]
[Termination "normal"]
[Board "12"]
[WhiteElo "1797"]
[BlackElo "1527"]
[PlyCount "125"]
[WhiteFideId "12942839"]
[BlackFideId "12987093"]
[EventCountry "GER"]
[EventRounds "11"]
[EventType "swiss"]
[EventDate "2015.05.23"]

1. e4 e6 2. d4 d5 3. Nc3 dxe4 4. Nxe4 Nd7 5. Bd3 Ngf6 6. Nxf6+ Nxf6 7. Nf3 Be7
8. Qe2 c5 9. dxc5 Bxc5 10. Bg5 Qa5+ 11. c3 Be7 12. Bb5+ Bd7 13. Bxd7+ Nxd7 14.
Bxe7 Kxe7 15. Qe4 Qb6 16. O-O Nf6 17. Qf4 Rhd8 18. Ne5 Kf8 19. Nc4 Qc6 20. Ne5
Qd6 21. Rfe1 Kg8 22. Qf3 Qb6 23. b3 Qc7 24. c4 Rd2 25. Ng4 Nxg4 26. Qxg4 Rad8
27. Qg5 Qb6 28. c5 Qa5 29. Rec1 h6 30. Qf4 Qxa2 31. Qf3 Qb2 32. Rf1 R2d3 33.
Qg4 Qxb3 34. Rxa7 R3d5 35. Qe4 Rxc5 36. Qxb7 Qxb7 37. Rxb7 Rcd5 38. g3 R5d7 39.
Rfb1 g6 40. Kg2 Rxb7 41. Rxb7 Kg7 42. h4 g5 43. hxg5 hxg5 44. g4 Rd4 45. Kg3
Kg6 46. Rb8 Rd3+ 47. f3 Kg7 48. Rb5 Kf6 49. Rb7 Rd5 50. Ra7 Kg6 51. Ra8 f5 52.
Rg8+ Kh6 53. gxf5 exf5 54. Ra8 Kg6 55. Ra6+ Kh5 56. Ra3 f4+ 57. Kh3 Rd1 58. Kg2
Kh4 59. Ra2 g4 60. fxg4 Kxg4 61. Ra3 Rd2+ 62. Kf1 f3 63. Ra8 1/2-1/2

[Event "DEM U12/U12w 2015"]
[Site "Willingen GER"]
[Date "2015.05.25"]
[Round "3"]
[White "Paeslack, Luis"]
[Black "Nguyen, Alex Dac-Vuong"]
[Result "0-1"]
[Termination "normal"]
[Board "13"]
[WhiteElo "1775"]
[BlackElo "1885"]
[PlyCount "104"]
[WhiteFideId "12987760"]
[BlackFideId "12984388"]
[EventCountry "GER"]
[EventRounds "11"]
[EventType "swiss"]
[EventDate "2015.05.23"]

1. e4 e6 2. d4 d5 3. exd5 exd5 4. c4 Nf6 5. Nc3 Bb4 6. Nf3 O-O 7. Be2 dxc4 8.
Bxc4 Re8+ 9. Be3 Nd5 10. O-O Bxc3 11. bxc3 Be6 12. Qb3 Nc6 13. Bxd5 Bxd5 14.
Qd1 Qd7 15. h3 f6 16. Nd2 Qf7 17. Qc2 f5 18. c4 Be4 19. Nxe4 Rxe4 20. Qc3 f4
21. d5 Ne7 22. Bc5 b6 23. Bxe7 Qxe7 24. Rfe1 Re8 25. Kf1 Kf7 26. Rxe4 Qxe4 27.
Re1 Qxe1+ 28. Qxe1 Rxe1+ 29. Kxe1 Ke7 30. Kd2 Kd6 31. Kd3 Kc5 32. Kc3 g5 33. a3
a6 34. Kb3 b5 35. cxb5 axb5 36. Kc3 Kxd5 37. g3 fxg3 38. fxg3 c5 39. h4 g4 40.
h5 h6 41. Kd3 b4 42. a4 c4+ 43. Kc2 Kc5 44. Kb1 b3 45. a5 c3 46. a6 Kb6 47. Kc1
Kxa6 48. Kb1 Kb5 49. Kc1 Kc4 50. Kb1 Kd3 51. Kc1 b2+ 52. Kd1 b1=Q# 0-1

[Event "DEM U12/U12w 2015"]
[Site "Willingen GER"]
[Date "2015.05.25"]
[Round "3"]
[White "Biermann, Lenhard"]
[Black "Köllner, Ruben Gideon"]
[Result "1-0"]
[Termination "normal"]
[Board "14"]
[WhiteElo "1622"]
[BlackElo "1649"]
[PlyCount "65"]
[WhiteFideId "12970077"]
[BlackFideId "12993093"]
[EventCountry "GER"]
[EventRounds "11"]
[EventType "swiss"]
[EventDate "2015.05.23"]

1. d4 d6 2. Nf3 Nf6 3. g3 Nbd7 4. Bg2 g6 5. O-O Bg7 6. c4 O-O 7. Nc3 e5 8. Bg5
exd4 9. Nxd4 h6 10. Bf4 Nc5 11. Nb3 Nfd7 12. Qc2 Nxb3 13. axb3 a6 14. Rfd1 Qe7
15. Nd5 Qd8 16. Qd2 Kh7 17. b4 Nf6 18. b5 Nxd5 19. Bxd5 Qf6 20. Ra2 Rb8 21. c5
dxc5 22. Bxc7 Ra8 23. Qe3 Be6 24. Qxc5 Bxd5 25. Qxd5 axb5 26. Rxa8 Rxa8 27.
Qxb7 Ra2 28. Qxb5 Rxb2 29. Qe8 Qe6 30. Qxe6 fxe6 31. e3 g5 32. Rd7 Kg6 33.
Rxg7+ 1-0

[Event "DEM U12/U12w 2015"]
[Site "Willingen GER"]
[Date "2015.05.25"]
[Round "3"]
[White "Dobrikov, Marco"]
[Black "Brunner, Sophia"]
[Result "1-0"]
[Termination "normal"]
[Board "15"]
[WhiteElo "1947"]
[BlackElo "1553"]
[PlyCount "61"]
[WhiteFideId "12950378"]
[BlackFideId "12960683"]
[EventCountry "GER"]
[EventRounds "11"]
[EventType "swiss"]
[EventDate "2015.05.23"]

1. e4 d5 2. exd5 Qxd5 3. Nc3 Qa5 4. d4 Nf6 5. Nf3 Bg4 6. h3 Bh5 7. g4 Bg6 8.
Ne5 c6 9. Bd2 Nbd7 10. Nc4 Qc7 11. Bg2 e6 12. O-O Nb6 13. Ne3 h5 14. g5 Nh7 15.
f4 O-O-O 16. Ne2 f6 17. h4 c5 18. d5 Nxd5 19. Nxd5 exd5 20. f5 fxg5 21. fxg6
Nf6 22. Bxg5 Ng4 23. Bf4 Qb6 24. Qd2 c4+ 25. Kh1 Nf2+ 26. Rxf2 Qxf2 27. Bh3+
Rd7 28. Bxd7+ Kxd7 29. Qxd5+ Kc8 30. Qf5+ Kd8 31. Bg5+ 1-0